| 000 | 006420000a22001570004500 | ||
|---|---|---|---|
| 090 | _aT Or78p | ||
| 100 | 1 | _aOrrego de Jaramillo, Isabel Cristina | |
| 245 | 1 | 0 | _aPautas a partir de Efesios para la vivencia de los valores cristianos en la posmodernidad / Isabel Cristina Orrego de Jaramillo |
| 260 | _aMedellín, Colombia | ||
| 300 | _a151 Pag | ||
| 500 | _aTesis (maestría)--Seminario Bíblico de Colombia | ||
| 502 | _aPresidente del jurado: Fernando Mosquera; Jurado: Marcos Wittig; Jurado: Theo Donner | ||
| 520 | _a- La axiología - Posmodernidad - Reflexiones sobre la axiología que presenta Efesios | ||
| 001 | 4141 | ||
| 942 | _cBK | ||
| 999 |
_c34754 _d34754 |
||